Normal view MARC view

Entry Nombre personal

Number of records used in: 4

001 - NÚMERO DE CONTROL

  • campo de control: 25159

003 - IDENTIFICADOR DE NÚMERO DE CONTROL

  • campo de control: OSt

005 - FECHA Y HORA DE LA ÚLTIMA TRANSACCIÓN

  • campo de control: 20250919165359.0

008 - ELEMENTOS DE DATO DE LONGITUD-FIJA

  • campo de control de longitud fija: 030409 n acnnnaaan n ann d

040 ## - FUENTE DE CATALOGACIÓN

  • Centro catalogador/agencia de origen: OSt
  • Centro/agencia transcriptor: OSt

100 1# - ENCABEZAMIENTO-NOMBRE DE PERSONA

  • Nombre de persona: Bances Candamo, Francisco Antonio de,
  • Fechas asociadas al nombre: 1662-1704

400 1# - TRAZADO DE VÉASE--NOMBRE DE PERSONA

  • Nombre de persona: Bances Candamo, Francisco (
  • Fechas asociadas al nombre: 1662-1704)

400 1# - TRAZADO DE VÉASE--NOMBRE DE PERSONA

  • Nombre de persona: Bances y Candamo, Francisco Antonio (
  • Fechas asociadas al nombre: 1662-1704)

400 1# - TRAZADO DE VÉASE--NOMBRE DE PERSONA

  • Nombre de persona: Banzes Candamo, Francisco (
  • Fechas asociadas al nombre: 1662-1704)

400 1# - TRAZADO DE VÉASE--NOMBRE DE PERSONA

  • Nombre de persona: Candamo, Francisco Antonio de (
  • Fechas asociadas al nombre: 1662-1704)

400 1# - TRAZADO DE VÉASE--NOMBRE DE PERSONA

  • Nombre de persona: Candamo, Francisco Antonio de Bances (
  • Fechas asociadas al nombre: 1662-1704)

400 1# - TRAZADO DE VÉASE--NOMBRE DE PERSONA

  • Nombre de persona: Vances Candamo, Francisco Antonio de (
  • Fechas asociadas al nombre: 1662-1704)